000 00328 a2200145 4500
001 154469
040 _cEscola São Tomás de Aquino
100 _aJEFFERS, Oliver
240 1 0 _aAchados e perdidos
_lpor
245 1 0 _aAchados e perdidos
300 _a1
440 1 _aSalamandra
697 _a*LITERATURA INFANTO
942 _cBK
999 _c154469
_d154469